000 00784cam a22002534a 4500
001 13782715
005 20180313050304.0
008 041116s2006 maua b 001 0 eng
010 _a 2004027340
020 _a0072827416 (hard copy : alk. paper)
040 _aDLC
_cDLC
_dDLC
041 _aeng
042 _apcc
080 _a612 WID
082 0 0 _a612 WID
_222
100 1 _a7
101 _aANA
245 1 0 _aVander's human physiology :
246 3 0 _aMechanisms of body function
504 _aIncludes bibliographical references (p. 799) and index.
906 _a7
_bcbc
_corignew
_d1
_eecip
_f20
_gy-gencatlg
942 _2ddc
_cBK
999 _c44833
_d44833